00599 a2200169 4500010001400000020002300014035001300037037001600050082000800066100001600074245019700090250001600287260003700303270004200340300003000382700001700412 aENG-88993 c495.00a8121917697 aEN-72526 bDBAD / PUB a530 aMehta, V.K.10aS. Chand's principles of physics for Class XII :cby V.K. Mehta [and] Rohit Mehtab[Sr.secondary certificate exams. of CBSE, other Boards of Education and various Engg. entrance examinations / a5th rev. ed aNew DelhibS. Chand & Co.c2007 a7361, Ram Nagar,bNew Delhie110 055 axiii, 1542p.c24 cm (pbk) aMehta, Rohit